000 00234nam a2200121Ia 4500
100 _a#N/A
942 _cBK
654 _aComUnity
245 _a9th Anniversary Package - ComUNITY
260 _b#N/A
546 _aENGLISH
999 _c19257
_d19257